[Event "Vrsac op"]
[Site "Vrsac"]
[Date "2000.??.??"]
[Round "1.11"]
[White "Sabljov, Stevan"]
[Black "Vojinovic, Goran"]
[Result "0-1"]
[WhiteElo "2192"]
[BlackElo "2440"]
[PlyCount "121"]
[EventDate "2000.07.??"]
[EventType "swiss"]
[EventRounds "9"]
[EventCountry "YUG"]
[SourceTitle "EXT 2001"]
[Source "ChessBase"]
[SourceDate "2000.11.22"]
[SourceVersion "1"]
[SourceVersionDate "2000.11.22"]
[SourceQuality "1"]

1. e4 c5 2. c3 d5 3. exd5 Qxd5 4. d4 Nf6 5. dxc5 Qxc5 6. Be3 Qc7 7. Na3 Nbd7 8. Nb5 Qb8 9. Nf3 a6 10. Nbd4 e6 11. Be2 b6 12. Nd2 Bb7 13. 0-0 Bd6 14. h3 0-0 15. Bf3 Nd5 16. Nc4 Bc7 17. a4 N7f6 18. Bg5 Qd8 19. Qe2 h6 20. Bh4 Nf4 21. Qe3 Bd5 22. Ne5 Bxe5 23. Qxe5 Ng6 24. Bxf6 Nxe5 25. Bxd8 Nxf3+ 26. Nxf3 Rfxd8 27. Nd4 e5 28. Nf5 Kf8 29. Rfe1 f6 30. Ne3 Be6 31. Kf1 a5 32. c4 Rd3 33. Red1 Rad8 34. Ke2 Rxd1 35. Rxd1 Rxd1 36. Kxd1 Ke7 37. Kc2 Kd6 38. Kc3 Kc5 39. b3 f5 40. Nc2 f4 41. h4 Bf5 42. b4+ axb4+ 43. Nxb4 Be4 44. g3 fxg3 45. fxg3 Bf5 46. Nd5 Be6 47. Ne3 e4 48. g4 Bd7 49. g5 hxg5 50. hxg5 Bxa4 51. Nf5 g6 52. Ng3 Bc6 53. Ne2 b5 54. cxb5 Bxb5 55. Nf4 Be8 56. Ne2 Kd5 57. Kd2 Ke5 58. Ke3 Bc6 59. Nd4 Bd5 60. Nb5 Kf5 61. Nc3 0-1